[Event "Ste-Foy - Morphy"]
[Site "Ste-Foy CAN"]
[Date "2018.03.24"]
[Round "5"]
[White "Desbiens, Raphael"]
[Black "Fecteau, Martin"]
[Result "1-0"]
[WhiteElo "2034"]
[BlackElo "1952"]
[PlyCount "119"]
[EventDate "2018.02.17"]
[EventType "swiss"]
[EventRounds "5"]
[EventCountry "CAN"]

1. e4 c5 2. Nf3 d6 3. Bb5+ Nd7 4. O-O a6 5. Bd3 Ngf6 6. c3 e5 7. Bc2 Be7 8. d4
O-O 9. h3 b6 10. Be3 Bb7 11. Nbd2 Qc7 12. d5 c4 13. Nh4 g6 14. g3 b5 15. Ng2
Rfe8 16. a4 Nc5 17. Qe2 Rec8 18. f4 exf4 19. Nxf4 Nfd7 20. Nf3 Bf8 21. Bd4 Ne5
22. h4 Ncd7 23. h5 Bg7 24. hxg6 hxg6 25. Nh3 Re8 26. Nhg5 Re7 27. Qh2 Nf8 28.
Kg2 f6 29. Nh3 Ng4 30. Qg1 Rae8 31. Nf2 Nxf2 32. Rxf2 Qd7 33. axb5 axb5 34. Rd1
Bc8 35. Kf1 Qh3+ 36. Qg2 Qh5 37. Qh2 Bg4 38. Qxh5 Bxh5 39. Ra1 Bg4 40. Ra6 f5
41. Bxg7 Kxg7 42. exf5 Bh3+ 43. Kg1 gxf5 44. Nd4 Re1+ 45. Kh2 Bg4 46. Bxf5 Bh5
47. g4 Bf7 48. Rxd6 Ra8 49. Ne6+ Nxe6 50. dxe6 Rh8+ 51. Kg3 Be8 52. Kf4 Kf8 53.
Rfd2 Ke7 54. Rd7+ Bxd7 55. Rxd7+ Kf8 56. Kg5 Reh1 57. Bg6 Re1 58. Rd8+ Kg7 59.
Rxh8 Kxh8 60. Kf6 1-0

[Event "Ste-Foy - Morphy"]
[Site "Ste-Foy CAN"]
[Date "2018.03.24"]
[Round "5"]
[White "Sarra-Bournet, Marc"]
[Black "Laflamme, Simon"]
[Result "0-1"]
[WhiteElo "1921"]
[BlackElo "1964"]
[PlyCount "82"]
[EventDate "2018.02.17"]
[EventType "swiss"]
[EventRounds "5"]
[EventCountry "CAN"]

1. e4 Nf6 2. e5 Nd5 3. d4 d6 4. c4 Nb6 5. f4 dxe5 6. fxe5 Nc6 7. Nf3 Bg4 8. Be3
e6 9. Nc3 Bxf3 10. Qxf3 Nxd4 11. Qe4 Nf5 12. Bxb6 cxb6 13. Qxb7 Qc8 14. Qe4 Bb4
15. Rc1 O-O 16. Bd3 Qd7 17. g4 Rad8 18. Rd1 Qd4 19. gxf5 Bxc3+ 20. bxc3 Qxc3+
21. Ke2 exf5 22. Qxf5 g6 23. Qe4 f5 24. Qe3 f4 25. Qe4 Rfe8 26. e6 Qf6 27. Kf3
Rxe6 28. Qxf4 Qe7 29. Kg2 Rf8 30. Qh6 Qb7+ 31. Kg1 Qf3 32. Qxf8+ Qxf8 33. Kg2
Qa8+ 34. Kf2 Rf6+ 35. Ke3 Qf3+ 36. Kd2 Rd6 37. Kc2 Rxd3 38. Rhf1 Qe2+ 39. Kc1
Rc3+ 40. Kb1 Qc2+ 41. Ka1 Ra3 0-1

[Event "Ste-Foy - Morphy"]
[Site "Ste-Foy CAN"]
[Date "2018.03.24"]
[Round "5"]
[White "Sauve, Richard"]
[Black "Michaud, Jacques"]
[Result "1-0"]
[WhiteElo "1913"]
[BlackElo "1484"]
[PlyCount "99"]
[EventDate "2018.02.17"]
[EventType "swiss"]
[EventRounds "5"]
[EventCountry "CAN"]

1. d4 Nf6 2. c4 c5 3. d5 g6 4. Nc3 Bg7 5. e4 d6 6. Nf3 O-O 7. Be2 Bg4 8. h3 Bd7
9. Bf4 Nh5 10. Bh2 Qa5 11. Qd2 f5 12. exf5 Bxf5 13. g4 Bxc3 14. Qxc3 Qxc3+ 15.
bxc3 Be4 16. gxh5 Bxf3 17. Rg1 Bxe2 18. Kxe2 Rf6 19. Rg4 Nd7 20. Rag1 Raf8 21.
Bg3 Ne5 22. Bxe5 Rxf2+ 23. Ke1 dxe5 24. hxg6 h6 25. R1g2 Rxg2 26. Rxg2 Rf3 27.
Re2 Rf5 28. Rb2 b6 29. Rg2 Kg7 30. h4 e4 31. Rg4 Re5 32. Ke2 h5 33. Rg3 e3 34.
Rf3 Kxg6 35. Rxe3 Rxe3+ 36. Kxe3 Kf5 37. Kf3 a6 38. a3 b5 39. cxb5 axb5 40. c4
b4 41. axb4 cxb4 42. Ke3 b3 43. Kd3 b2 44. Kc2 b1=Q+ 45. Kxb1 Ke4 46. Kc2 Kd4
47. Kb3 Kc5 48. Kc3 Kd6 49. Kd4 e5+ 50. Ke4 1-0

[Event "Ste-Foy - Morphy"]
[Site "Ste-Foy CAN"]
[Date "2018.03.24"]
[Round "5"]
[White "Stoyanova, Stela"]
[Black "Halhal, Sami"]
[Result "0-1"]
[WhiteElo "1628"]
[BlackElo "1952"]
[PlyCount "116"]
[EventDate "2018.02.17"]
[EventType "swiss"]
[EventRounds "5"]
[EventCountry "CAN"]

1. c4 e5 2. e4 Nc6 3. g3 Nd4 4. Nf3 d6 5. Nxd4 exd4 6. Bg2 Nf6 7. h3 g6 8. b4
c5 9. b5 Bg7 10. d3 O-O 11. O-O Be6 12. Kh2 Qd7 13. Qf3 a6 14. e5 dxe5 15. Qxb7
Ra7 16. Qxd7 Nxd7 17. Na3 f5 18. Rb1 axb5 19. Rxb5 e4 20. Re1 Rfa8 21. Rb3 Nf6
22. Bh1 Bf7 23. dxe4 fxe4 24. Bxe4 Nxe4 25. Rxe4 Be8 26. Re2 Bc6 27. g4 Kf7 28.
Kg3 g5 29. f3 Bf8 30. Kf2 Bd6 31. Rb6 Rc7 32. Nb5 Bxb5 33. cxb5 d3 34. Rxd6
dxe2 35. Kxe2 Rxa2+ 36. Kd3 Ra1 37. Bxg5 Rd1+ 38. Bd2 c4+ 39. Kc2 Rf1 40. b6
Rb7 41. Rc6 Ke8 42. f4 Kd7 43. Rh6 Kc8 44. f5 Rd7 45. Bg5 Rf3 46. Rc6+ Kb7 47.
Rh6 Rdd3 48. Rxh7+ Kxb6 49. Bh4 Rc3+ 50. Kd2 Rfd3+ 51. Ke1 Rc1+ 52. Ke2 Rc2+
53. Ke1 Kc6 54. Bf2 Rb3 55. Rh6+ Kd5 56. Kf1 Rb1+ 57. Be1 Ke4 58. Re6+ Kf3 0-1

[Event "Ste-Foy - Petrossian"]
[Site "Ste-Foy CAN"]
[Date "2018.04.07"]
[Round "1"]
[White "Brisson, Christian"]
[Black "Sauve, Richard"]
[Result "1/2-1/2"]
[WhiteElo "1537"]
[BlackElo "1961"]
[PlyCount "124"]
[EventDate "2018.04.07"]
[EventType "swiss"]
[EventRounds "5"]
[EventCountry "CAN"]

1. Nf3 d5 2. d4 e6 3. g3 Bd6 4. Bg2 c6 5. Nc3 f5 6. a4 Nd7 7. Ng5 Qe7 8. f4
Ngf6 9. Nf3 O-O 10. Ne5 Ne4 11. Nxe4 dxe4 12. c4 Nf6 13. c5 Bc7 14. Bd2 Bd7 15.
O-O Nd5 16. e3 Bxe5 17. fxe5 Kh8 18. Rf2 Rg8 19. Bf1 g5 20. Bc4 Raf8 21. Bxd5
exd5 22. Kf1 Qg7 23. Ke1 Qh6 24. Qe2 Be8 25. Qf1 Bh5 26. Rxf5 Bf3 27. Rxf8 Rxf8
28. Qg1 Qh3 29. Bb4 Bg2 30. Kd2 Bf1 31. Kc3 Bd3 32. Kb3 Rf3 33. Bd2 Qf5 34. a5
a6 35. Kc3 g4 36. Re1 Kg7 37. Ra1 Rf2 38. Rc1 Qf3 39. Qh1 Qe2 40. Qe1 Rxh2 41.
Qxe2 Bxe2 42. Rg1 Bd3 43. Bc1 h5 44. Bd2 Kg6 45. Be1 Rc2+ 46. Kb3 Re2 47. Rf1
Rxe3 48. Rf6+ Kg7 49. Bd2 Bc4+ 50. Ka4 Rf3 51. Bh6+ Kh7 52. Bf4 Kg7 53. Bh6+
Kh7 54. Rxf3 gxf3 55. Be3 Bf1 56. Kb4 Bh3 57. Kc3 Kg6 58. Kd2 Be6 59. Ke1 Kf5
60. Kf2 Kg4 61. Bh6 Kh3 62. Be3 Kg4 1/2-1/2

[Event "Ste-Foy - Petrossian"]
[Site "Ste-Foy CAN"]
[Date "2018.04.07"]
[Round "1"]
[White "Chabot, Michelin"]
[Black "Desbiens, Raphael"]
[Result "0-1"]
[WhiteElo "1577"]
[BlackElo "2034"]
[PlyCount "56"]
[EventDate "2018.04.07"]
[EventType "swiss"]
[EventRounds "5"]
[EventCountry "CAN"]

1. d4 Nf6 2. c4 g6 3. Nc3 d5 4. e3 Bg7 5. Nf3 O-O 6. Be2 c5 7. O-O cxd4 8. exd4
Nc6 9. Be3 Bf5 10. a3 Rc8 11. c5 Ne4 12. Nh4 Nxc3 13. bxc3 Bd7 14. f4 e5 15.
Nf3 exd4 16. cxd4 Bf5 17. h3 b6 18. Rc1 Qe7 19. Bf2 bxc5 20. Ba6 Rc7 21. Re1
Be4 22. Nd2 Nxd4 23. Nxe4 dxe4 24. Bc4 Re8 25. Bd5 Qd6 26. Bxe4 Qxf4 27. Bd5
Rxe1+ 28. Qxe1 Qxc1 0-1

[Event "Ste-Foy - Petrossian"]
[Site "Ste-Foy CAN"]
[Date "2018.04.07"]
[Round "1"]
[White "Laflamme, Simon"]
[Black "Stoyanova, Stela"]
[Result "1-0"]
[WhiteElo "1964"]
[BlackElo "1569"]
[PlyCount "43"]
[EventDate "2018.04.07"]
[EventType "swiss"]
[EventRounds "5"]
[EventCountry "CAN"]

1. Nf3 Nf6 2. c4 c5 3. Nc3 Nc6 4. d4 cxd4 5. Nxd4 Qb6 6. Nb3 e6 7. g3 Be7 8. e4
O-O 9. Bg2 e5 10. Be3 Qd8 11. O-O d6 12. h3 h6 13. Qe2 Nh7 14. Rad1 f5 15. exf5
Rxf5 16. c5 Qf8 17. cxd6 Bxd6 18. Qc4+ Kh8 19. Bxc6 Rh5 20. Bg2 Bxh3 21. Bxh3
Rxh3 22. Qg4 1-0

[Event "Ste-Foy - Petrossian"]
[Site "Ste-Foy CAN"]
[Date "2018.04.07"]
[Round "1"]
[White "Pare, Marc"]
[Black "Jean, Martin"]
[Result "1-0"]
[WhiteElo "2038"]
[BlackElo "1594"]
[PlyCount "87"]
[EventDate "2018.04.07"]
[EventType "swiss"]
[EventRounds "5"]
[EventCountry "CAN"]

1. e4 c5 2. c3 g6 3. d4 cxd4 4. cxd4 Bg7 5. Nc3 d6 6. Be3 Nf6 7. h3 O-O 8. Bd3
Nc6 9. Nge2 Bd7 10. O-O Rc8 11. Rc1 Na5 12. b3 Ne8 13. f4 f5 14. exf5 Bxf5 15.
Bxf5 Rxf5 16. d5 b6 17. Bd4 Nb7 18. Bxg7 Nxg7 19. Nd4 Rf7 20. b4 Qd7 21. Qe2
Nd8 22. Qa6 e5 23. fxe5 Rxf1+ 24. Qxf1 dxe5 25. Nf3 Nf7 26. Ne4 Ne8 27. Rxc8
Qxc8 28. Qd3 Qc1+ 29. Kh2 Qf4+ 30. g3 Qf5 31. Qe2 Nf6 32. Nxf6+ Qxf6 33. h4 Qf5
34. Ne1 e4 35. Ng2 Qxd5 36. Nf4 Qf5 37. Qc4 Kg7 38. Ne6+ Kf6 39. Nf4 Qe5 40.
Nd5+ Kg7 41. Ne3 Nd8 42. Ng4 Qe7 43. Qd4+ Kg8 44. Nh6+ 1-0

[Event "Ste-Foy - Petrossian"]
[Site "Ste-Foy CAN"]
[Date "2018.04.14"]
[Round "2"]
[White "Chouinard, Etienne"]
[Black "Pare, Marc"]
[Result "0-1"]
[WhiteElo "1890"]
[BlackElo "2038"]
[PlyCount "20"]
[EventDate "2018.04.07"]
[EventType "swiss"]
[EventRounds "5"]
[EventCountry "CAN"]

1. e4 d5 2. exd5 Nf6 3. d4 Nxd5 4. c4 Nb6 5. Nc3 g6 6. Be3 Bg7 7. Qd2 Nc6 8.
Nge2 Nxc4 9. Qc1 O-O 10. Bh6 Nb4 0-1

[Event "Ste-Foy - Petrossian"]
[Site "Ste-Foy CAN"]
[Date "2018.04.14"]
[Round "2"]
[White "Desbiens, Raphael"]
[Black "Fecteau, Martin"]
[Result "1-0"]
[WhiteElo "2034"]
[BlackElo "1902"]
[PlyCount "89"]
[EventDate "2018.04.07"]
[EventType "swiss"]
[EventRounds "5"]
[EventCountry "CAN"]

1. Nf3 d5 2. g3 Nf6 3. Bg2 c5 4. O-O Nc6 5. d3 e5 6. e4 d4 7. Nh4 g6 8. Qe1 Bg7
9. f4 O-O 10. f5 b5 11. a4 Nb4 12. Qe2 bxa4 13. Rxa4 Bd7 14. Ra3 a5 15. g4 Re8
16. g5 Nh5 17. f6 Bf8 18. Bf3 Nf4 19. Bxf4 exf4 20. Ng2 Qc7 21. Qd2 Qe5 22. c3
Nc6 23. Qxf4 c4 24. Qxe5 Nxe5 25. Ra2 Nxf3+ 26. Rxf3 cxd3 27. Nd2 dxc3 28. bxc3
Be6 29. Ra4 Red8 30. Nf4 Bg4 31. Rxd3 Rxd3 32. Nxd3 Rd8 33. Rd4 Rxd4 34. cxd4
a4 35. Nc5 a3 36. Ndb3 Bd6 37. e5 Bb8 38. Kf2 Kf8 39. Ke3 Bf5 40. Kd2 Ke8 41.
Kc3 Kd8 42. Nd2 Bc7 43. Kb3 Kc8 44. Nc4 a2 45. Kxa2 1-0

[Event "Ste-Foy - Petrossian"]
[Site "Ste-Foy CAN"]
[Date "2018.04.14"]
[Round "2"]
[White "Gaudreau, Eric"]
[Black "Laflamme, Simon"]
[Result "1/2-1/2"]
[WhiteElo "1723"]
[BlackElo "1964"]
[PlyCount "32"]
[EventDate "2018.04.07"]
[EventType "swiss"]
[EventRounds "5"]
[EventCountry "CAN"]

1. Nf3 d5 2. c4 e6 3. g3 c6 4. Bg2 f5 5. b3 Nf6 6. Bb2 Bd6 7. O-O Nbd7 8. d4
O-O 9. Qc2 Qe7 10. Nc3 Ne4 11. Rad1 Ndf6 12. Ne5 Bxe5 13. dxe5 Ng4 14. Nxe4
fxe4 15. h3 Nh6 16. Qc1 Rf5 1/2-1/2

[Event "Ste-Foy - Petrossian"]
[Site "Ste-Foy CAN"]
[Date "2018.04.14"]
[Round "2"]
[White "Sauve, Richard"]
[Black "Labrecque, Rejean"]
[Result "0-1"]
[WhiteElo "1961"]
[BlackElo "1616"]
[PlyCount "74"]
[EventDate "2018.04.07"]
[EventType "swiss"]
[EventRounds "5"]
[EventCountry "CAN"]

1. d4 Nf6 2. c4 g6 3. Nc3 Bg7 4. e4 d6 5. f3 O-O 6. Be3 e5 7. Nge2 Nbd7 8. Qd2
Re8 9. O-O-O c6 10. Kb1 Qc7 11. d5 c5 12. g4 a6 13. Ng3 Nf8 14. h4 Rb8 15. h5
Re7 16. g5 Ne8 17. Bh3 Bd7 18. Bxd7 Qxd7 19. Rh4 b5 20. Rdh1 bxc4 21. Qh2 Bh8
22. Qe2 Qb7 23. Ka1 Qb4 24. Nd1 Reb7 25. Bd2 Qa4 26. Bc3 Nc7 27. Nf1 Nb5 28.
Nfe3 Nd4 29. Bxd4 exd4 30. Nxc4 Rb4 31. Qd3 Rxc4 32. b3 Rc1+ 33. Kb2 Rxd1 34.
Qxd1 c4 35. hxg6 fxg6 36. Qc1 d3+ 37. Kb1 Rxb3+ 0-1

[Event "Ste-Foy - Petrossian"]
[Site "Ste-Foy CAN"]
[Date "2018.04.21"]
[Round "3"]
[White "Chabot, Michelin"]
[Black "Chouinard, Etienne"]
[Result "0-1"]
[WhiteElo "1577"]
[BlackElo "1894"]
[PlyCount "98"]
[EventDate "2018.04.07"]
[EventType "swiss"]
[EventRounds "5"]
[EventCountry "CAN"]

1. d4 d5 2. c4 e6 3. Nc3 Nf6 4. Bg5 Nbd7 5. Nf3 c6 6. e3 Qa5 7. Bd3 dxc4 8.
Bxf6 Nxf6 9. Bxc4 Bb4 10. Qc2 b5 11. Bd3 Nd5 12. O-O Nxc3 13. Ne5 Bb7 14. Rfc1
Bd6 15. bxc3 Bxe5 16. dxe5 h6 17. Qb2 Qa4 18. Qb4 Qxb4 19. cxb4 f5 20. a4 Rd8
21. Be2 a6 22. Bh5+ Ke7 23. Bf3 Rd2 24. axb5 Rb2 25. bxa6 Ba8 26. Bxc6 Rxb4 27.
Bxa8 Rxa8 28. g3 Kd7 29. Rd1+ Ke7 30. Rd6 Ra7 31. Rc1 Re4 32. f4 Rxe3 33. Rcc6
Rd7 34. Rxe6+ Kf7 35. Red6 Rxd6 36. Rxd6 Ke7 37. Rb6 Ra3 38. Rb7+ Ke6 39. a7 g5
40. Rh7 g4 41. Rxh6+ Kd5 42. Rf6 Rxa7 43. Rxf5 Ke4 44. Kf2 Kxf5 45. Ke3 Rh7 46.
Kd4 Rxh2 47. Kd5 Rd2+ 48. Kc6 Ke6 49. Kc7 Rd3 0-1

[Event "Ste-Foy - Petrossian"]
[Site "Ste-Foy CAN"]
[Date "2018.04.21"]
[Round "3"]
[White "Gaudreau, Eric"]
[Black "Marois, Remi"]
[Result "1/2-1/2"]
[WhiteElo "1723"]
[BlackElo "1627"]
[PlyCount "110"]
[EventDate "2018.04.07"]
[EventType "swiss"]
[EventRounds "5"]
[EventCountry "CAN"]

1. Nf3 Nf6 2. g3 g6 3. Bg2 Bg7 4. O-O O-O 5. d3 d5 6. Nbd2 Re8 7. e4 e5 8. Re1
d4 9. Nc4 Nfd7 10. a4 Nb6 11. Nxb6 axb6 12. Bd2 c5 13. Rf1 Bd7 14. b3 Nc6 15.
Ne1 f5 16. f4 Qc8 17. exf5 Bxf5 18. Bd5+ Be6 19. Qf3 Bxd5 20. Qxd5+ Qe6 21.
Qxe6+ Rxe6 22. f5 gxf5 23. Rxf5 b5 24. Nf3 bxa4 25. Ng5 Rf6 26. Rxf6 Bxf6 27.
Ne4 Be7 28. Rxa4 Rxa4 29. bxa4 Kf7 30. Kg2 Ke6 31. Kf3 Kd5 32. c4+ Ke6 33. g4
b6 34. Ng5+ Bxg5 35. Bxg5 Nb4 36. Ke4 Nc6 37. h4 Kf7 38. Bd2 Ke6 39. Be1 Kf6
40. Bg3 Ke6 41. g5 Nb4 42. Bxe5 Nxd3 43. Bc7 Nb2 44. Bxb6 Nxa4 45. Ba7 Kf7 46.
h5 Ke6 47. Bb8 Nc3+ 48. Kf4 Ne2+ 49. Kf3 Nc1 50. Ke4 Nb3 51. Bf4 Na5 52. Kd3
Kf5 53. g6 hxg6 54. hxg6 Kxg6 55. Bd6 Nxc4 1/2-1/2

[Event "Ste-Foy - Petrossian"]
[Site "Ste-Foy CAN"]
[Date "2018.04.21"]
[Round "3"]
[White "Labrecque, Rejean"]
[Black "Laflamme, Simon"]
[Result "0-1"]
[WhiteElo "1616"]
[BlackElo "1964"]
[PlyCount "86"]
[EventDate "2018.04.07"]
[EventType "swiss"]
[EventRounds "5"]
[EventCountry "CAN"]

1. Nf3 d5 2. g3 Nf6 3. Bg2 c6 4. O-O g6 5. d3 Bg7 6. Nbd2 O-O 7. e4 Bg4 8. h3
Bxf3 9. Bxf3 Nbd7 10. exd5 cxd5 11. d4 Nb6 12. Re1 Rc8 13. c3 Qd7 14. Bg2 Nc4
15. Nxc4 Rxc4 16. Bg5 e6 17. Qd2 Rfc8 18. Bh6 b5 19. Bxg7 Kxg7 20. Rac1 Qb7 21.
f3 a6 22. g4 Qc7 23. Re3 Nd7 24. Bf1 Rc6 25. Qh2 Qa7 26. h4 b4 27. h5 bxc3 28.
h6+ Kf8 29. bxc3 Qb6 30. f4 Qd8 31. g5 Qa5 32. Qb2 Rb8 33. Qa1 Rcb6 34. Re2 Qa3
35. Ree1 Qd6 36. Rb1 Qxf4 37. Rxb6 Qxg5+ 38. Bg2 Rxb6 39. c4 Qd2 40. Bf3 Rb2
41. Re2 Qxd4+ 42. Kf1 Rd2 43. Rxd2 Qxa1+ 0-1

[Event "Ste-Foy - Petrossian"]
[Site "Ste-Foy CAN"]
[Date "2018.04.21"]
[Round "3"]
[White "Pare, Marc"]
[Black "Desbiens, Raphael"]
[Result "1-0"]
[WhiteElo "2038"]
[BlackElo "2034"]
[PlyCount "31"]
[EventDate "2018.04.07"]
[EventType "swiss"]
[EventRounds "5"]
[EventCountry "CAN"]

1. e4 e5 2. Nf3 Nc6 3. Bc4 Bc5 4. b4 Bxb4 5. c3 Ba5 6. d4 d6 7. Qb3 Qd7 8. dxe5
Nxe5 9. Nxe5 dxe5 10. O-O Bb6 11. Rd1 Qe7 12. Ba3 Qf6 13. Bxf7+ Qxf7 14. Rd8+
Kxd8 15. Qxf7 Ne7 16. Qxe7# 1-0

[Event "Ste-Foy - Petrossian"]
[Site "Ste-Foy CAN"]
[Date "2018.04.28"]
[Round "4"]
[White "Chouinard, Etienne"]
[Black "Gaudreau, Eric"]
[Result "1/2-1/2"]
[WhiteElo "1894"]
[BlackElo "1723"]
[PlyCount "131"]
[EventDate "2018.04.07"]
[EventType "swiss"]
[EventRounds "5"]
[EventCountry "CAN"]

1. d4 g6 2. Bf4 Bg7 3. c3 Nf6 4. Nf3 d6 5. Na3 O-O 6. Qc1 Nc6 7. Bh6 a6 8. Bxg7
Kxg7 9. Qf4 Qd7 10. Rd1 Qf5 11. Qxf5 Bxf5 12. e3 d5 13. Bd3 Bg4 14. h3 Bxf3 15.
gxf3 e5 16. dxe5 Nxe5 17. Ke2 Nxd3 18. Rxd3 Rfe8 19. Rhd1 Re5 20. c4 c6 21.
cxd5 Nxd5 22. Rd4 f5 23. Nc4 Re7 24. f4 Kf6 25. h4 Kg7 26. Kf3 Nf6 27. Nd6 c5
28. R4d2 b5 29. b3 Re6 30. Nb7 Rc8 31. Rc2 c4 32. bxc4 Rxc4 33. Rxc4 bxc4 34.
Rc1 Ne4 35. Rc2 Rb6 36. Na5 c3 37. Nc4 Rb4 38. Na3 Rb2 39. Ke2 Kh6 40. Kd3 Kh5
41. f3 Rxc2 42. Nxc2 Nd6 43. Kxc3 Kxh4 44. Kd4 Kg3 45. e4 fxe4 46. fxe4 Kxf4
47. e5 Nf5+ 48. Kd5 h5 49. e6 h4 50. Nd4 Ng7 51. e7 Ne8 52. Ke6 h3 53. Kf7 h2
54. Kxe8 h1=Q 55. Ne6+ Ke5 56. Nd8 g5 57. Nf7+ Kf6 58. Kf8 Qh7 59. e8=N+ Kg6
60. Ned6 g4 61. Ke7 g3 62. Ke6 Qxf7+ 63. Nxf7 g2 64. Ne5+ Kg5 65. Nf3+ Kg4 66.
Ng1 1/2-1/2

[Event "Ste-Foy - Petrossian"]
[Site "Ste-Foy CAN"]
[Date "2018.04.28"]
[Round "4"]
[White "Desbiens, Raphael"]
[Black "Gingras, Philippe"]
[Result "0-1"]
[WhiteElo "2072"]
[BlackElo "1889"]
[PlyCount "114"]
[EventDate "2018.04.07"]
[EventType "swiss"]
[EventRounds "5"]
[EventCountry "CAN"]

1. e4 g6 2. d4 Bg7 3. Nc3 c6 4. Be3 d5 5. e5 f6 6. exf6 exf6 7. Bd3 Nh6 8. Nf3
Bg4 9. h3 Bxf3 10. Qxf3 O-O 11. O-O-O Nd7 12. Nxd5 cxd5 13. Qxd5+ Kh8 14. h4
Nb6 15. Qxb7 Rb8 16. Qa6 Nd5 17. c3 Qc7 18. Qc4 Qb7 19. Qb3 Qc6 20. Qc2 Nxe3
21. fxe3 Ng4 22. Qe2 f5 23. h5 Bh6 24. hxg6 Bxe3+ 25. Kb1 Qxg6 26. Rh4 Rbe8 27.
Rdh1 h6 28. Rf1 Bf2 29. Rxg4 fxg4 30. Qd2 Re1+ 31. Kc2 Qf6 32. Rxe1 Bxe1 33.
Qxe1 Qf2+ 34. Qd2 Qxd2+ 35. Kxd2 Rf2+ 36. Be2 Rxg2 37. c4 Kg8 38. c5 Kf8 39. b4
Ke7 40. d5 g3 41. d6+ Kd7 42. Ke3 Rf2 43. Bg4+ Kc6 44. Bf3+ Kd7 45. b5 Rc2 46.
Bc6+ Kd8 47. a4 g2 48. Bxg2 Rxg2 49. a5 Ra2 50. b6 axb6 51. axb6 Kd7 52. Kd4
Kc6 53. Ke5 Re2+ 54. Kf6 h5 55. Kf5 h4 56. Kg4 Re4+ 57. Kh3 Rc4 0-1

[Event "Ste-Foy - Petrossian"]
[Site "Ste-Foy CAN"]
[Date "2018.04.28"]
[Round "4"]
[White "Laflamme, Simon"]
[Black "Pare, Marc"]
[Result "1/2-1/2"]
[WhiteElo "1982"]
[BlackElo "2038"]
[PlyCount "45"]
[EventDate "2018.04.07"]
[EventType "swiss"]
[EventRounds "5"]
[EventCountry "CAN"]

1. e4 d5 2. exd5 Nf6 3. d4 Nxd5 4. Nf3 g6 5. c4 Nb6 6. c5 Nd5 7. Bc4 Bg7 8. Nc3
c6 9. O-O O-O 10. Re1 b6 11. Qb3 e6 12. Ne4 Nd7 13. Bg5 Qc7 14. Rac1 bxc5 15.
Bxd5 cxd5 16. Nxc5 Nxc5 17. Rxc5 Qb6 18. Qxb6 axb6 19. Rb5 Rxa2 20. Rxb6 Ra4
21. Be7 Re8 22. Bc5 Rc4 23. b4 1/2-1/2

[Event "Ste-Foy - Petrossian"]
[Site "Ste-Foy CAN"]
[Date "2018.04.28"]
[Round "4"]
[White "Marois, Remi"]
[Black "Fecteau, Martin"]
[Result "0-1"]
[WhiteElo "1627"]
[BlackElo "1902"]
[PlyCount "49"]
[EventDate "2018.04.07"]
[EventType "swiss"]
[EventRounds "5"]
[EventCountry "CAN"]

1. e4 e6 2. d3 c5 3. Nd2 d5 4. Ngf3 Nc6 5. g3 Nf6 6. Bg2 Be7 7. O-O O-O 8. Re1
b6 9. e5 Nd7 10. Nf1 Bb7 11. h4 Qc7 12. Bf4 Rfe8 13. N1h2 Nf8 14. h5 h6 15. g4
Nh7 16. Qd2 Qd8 17. c3 Rc8 18. Kh1 b5 19. Rg1 d4 20. g5 hxg5 21. Nxg5 Nxg5 22.
Bxg5 Bxg5 23. f4 Bh6 24. Ng4 Qh4+ 25. Nh2 0-1

[Event "Ste-Foy - Petrossian"]
[Site "Ste-Foy CAN"]
[Date "2018.04.28"]
[Round "4"]
[White "Sauve, Richard"]
[Black "Sarra-Bournet, Marc"]
[Result "1-0"]
[WhiteElo "1955"]
[BlackElo "1878"]
[PlyCount "211"]
[EventDate "2018.04.07"]
[EventType "swiss"]
[EventRounds "5"]
[EventCountry "CAN"]

1. d4 d5 2. c4 e6 3. Nc3 Nf6 4. Bg5 Nbd7 5. e3 Be7 6. Nf3 h6 7. Bh4 O-O 8. Qc2
Re8 9. Bd3 dxc4 10. Bxc4 Nf8 11. O-O Ng6 12. Bxf6 Bxf6 13. Rfd1 c6 14. Rac1 Qe7
15. a3 e5 16. d5 Nh4 17. Nxh4 Bxh4 18. d6 Qd8 19. Rd2 Bd7 20. Qb3 Rf8 21. Qxb7
a5 22. Ne4 Rc8 23. Nc5 Bf5 24. Qb3 Rb8 25. Qd1 Qb6 26. Qf3 g6 27. g3 Kg7 28.
Bf1 Bf6 29. Bg2 e4 30. Nxe4 Bxe4 31. Qxe4 Qd8 32. b4 axb4 33. axb4 Qb6 34. Qxc6
Qxb4 35. Qd5 Rb5 36. Qd3 Rd8 37. d7 Ra5 38. h4 Qg4 39. Qc4 Qxc4 40. Rxc4 Ra1+
41. Kh2 Ra7 42. Bc6 Kf8 43. Ba4 Ra6 44. Rd5 Rb6 45. Re4 Re6 46. Rxe6 fxe6 47.
Rc5 Ke7 48. Ra5 Kf7 49. Ra6 Ke7 50. Kg2 Be5 51. Bb3 Bd6 52. Ba4 g5 53. hxg5
hxg5 54. Rb6 e5 55. Rb1 Rh8 56. Rc1 Rd8 57. Rh1 Rg8 58. Rh7+ Kd8 59. Bb3 Rf8
60. Be6 Be7 61. g4 Bf6 62. Rh1 Ke7 63. Bf5 Kd6 64. Rc1 Bd8 65. Ra1 Ke7 66. Ra6
Kf7 67. Rh6 Ke7 68. Kf3 Kf7 69. Ke4 Bf6 70. Rh1 Rb8 71. Rc1 Rb2 72. Rc8 Rd2 73.
f3 Rd1 74. Rc7 Ke7 75. Rc6 Rd6 76. Rc8 Kf7 77. Ra8 Rd1 78. Ra5 Rb1 79. Rd5 Rb4+
80. Kd3 Rb3+ 81. Kc4 Rb8 82. Rc5 Rb6 83. Rc8 Rd6 84. Kb3 Be7 85. Kc4 Rd1 86.
Kb5 Rd6 87. Rc6 Rd5+ 88. Kc4 Rd1 89. Rh6 Bf6 90. Rh7+ Bg7 91. Kb5 Kf8 92. Kc6
Bf6 93. Rh2 Rc1+ 94. Kb7 Rc3 95. Rd2 Rb3+ 96. Kc6 Bd8 97. Kd5 Rxe3 98. Ke6 Rxf3
99. Rh2 Kg8 100. Ra2 e4 101. Ra8 e3 102. Rxd8+ Kg7 103. Bd3 Rf6+ 104. Ke5 Rf7
105. Rg8+ Kxg8 106. d8=Q+ 1-0

[Event "Ste-Foy - Petrossian"]
[Site "Ste-Foy CAN"]
[Date "2018.05.05"]
[Round "5"]
[White "Chouinard, Etienne"]
[Black "Sauve, Richard"]
[Result "1-0"]
[WhiteElo "1894"]
[BlackElo "1955"]
[PlyCount "45"]
[EventDate "2018.04.07"]
[EventType "swiss"]
[EventRounds "5"]
[EventCountry "CAN"]

1. d4 d5 2. e3 Nf6 3. Bd3 c5 4. c3 Qb6 5. f4 g6 6. Nf3 Bg7 7. O-O O-O 8. Ne5
Nc6 9. Nd2 Ne8 10. Kh1 f6 11. Nxg6 hxg6 12. Bxg6 f5 13. Bxe8 Rxe8 14. Qh5 Rf8
15. Rf3 Bd7 16. Rg3 cxd4 17. Nf3 Be8 18. Qh6 Rf7 19. Rg6 Kf8 20. Qh7 e5 21. Ng5
dxc3 22. bxc3 Qb5 23. Ba3+ 1-0

[Event "Ste-Foy - Petrossian"]
[Site "Ste-Foy CAN"]
[Date "2018.05.05"]
[Round "5"]
[White "Fecteau, Martin"]
[Black "Laflamme, Simon"]
[Result "1/2-1/2"]
[WhiteElo "1902"]
[BlackElo "1982"]
[PlyCount "72"]
[EventDate "2018.04.07"]
[EventType "swiss"]
[EventRounds "5"]
[EventCountry "CAN"]

1. d4 d5 2. c4 c6 3. Nf3 Nf6 4. Nc3 e6 5. Bg5 dxc4 6. a4 Bb4 7. Bxf6 Qxf6 8. e3
b5 9. Be2 Bb7 10. O-O a6 11. Ne4 Qe7 12. Qc2 Nd7 13. b3 cxb3 14. Qxb3 O-O 15.
Rab1 Bd6 16. Nxd6 Qxd6 17. Qb2 h6 18. Nd2 Rac8 19. Ne4 Qe7 20. Rfc1 e5 21. Nc5
Nxc5 22. dxc5 Rcd8 23. Bf3 f5 24. axb5 axb5 25. e4 f4 26. Ra1 Bc8 27. Qc3 g5
28. Bd1 Rd4 29. Qa5 Be6 30. Qb6 Qd7 31. Bh5 Rd8 32. h3 Rd2 33. Bg4 Bxg4 34.
hxg4 Qd4 35. Rf1 Rxf2 36. Kh1 Rd2 1/2-1/2

[Event "Ste-Foy - Petrossian"]
[Site "Ste-Foy CAN"]
[Date "2018.05.05"]
[Round "5"]
[White "Gaudreau, Eric"]
[Black "Poliquin, Yvon"]
[Result "0-1"]
[WhiteElo "1723"]
[BlackElo "1934"]
[PlyCount "90"]
[EventDate "2018.04.07"]
[EventType "swiss"]
[EventRounds "5"]
[EventCountry "CAN"]

1. Nf3 Nf6 2. c4 e6 3. g3 c5 4. Bg2 d5 5. cxd5 exd5 6. d4 Nc6 7. Nc3 Be7 8. O-O
O-O 9. dxc5 Bxc5 10. Bg5 d4 11. Bxf6 Qxf6 12. Ne4 Qe7 13. Nxc5 Qxc5 14. Rc1 Qb6
15. b3 Bg4 16. h3 Bf5 17. Ne1 Qa6 18. g4 Be6 19. Nd3 Qb6 20. Nc5 Rac8 21. Nxe6
fxe6 22. Bxc6 Rxc6 23. Rxc6 bxc6 24. Qd3 Qc5 25. Rd1 e5 26. Rd2 Qc1+ 27. Rd1
Qf4 28. Qc4+ Kh8 29. Rf1 h5 30. Qxc6 e4 31. Qd5 hxg4 32. Qh5+ Kg8 33. Qxg4 Qe5
34. Rc1 Qf6 35. Qg3 Rd8 36. Qg4 d3 37. exd3 exd3 38. Qc4+ Kh8 39. Rd1 Rd4 40.
Qb5 Qf3 41. Qe8+ Kh7 42. Rd2 Qxh3 43. f3 Rh4 44. Rxd3 Qg3+ 45. Kf1 Rh1+ 0-1